Statistics for Top 15 Celebrities Born In 1996

Click here to take the quiz!

General Stats

  • This quiz has been taken 125 times
    (103 since last reset)
  • The average score is 5 of 15

Answer Stats

Answer% Correct
Tom Holland
99%
Zendaya
91%
David Dobrik
52%
Dove Cameron
49%
Bella Hadid
48%
Hailey Bieber
44%
Noah Centineo
25%
Lele Pons
23%
Hailee Steinfeld
22%
Cole LaBrant
19%
FaZe Rug
17%
GeorgeNotFound
12%
Wilbur Soot
12%
Collins Key
9%
Tal Fishman
6%

Score Distribution

Percentile by Number Answered

Percent of People with Each Score

Your Score History

You have not taken this quiz since the last reset